Don Salvador Sanfuentes: Apuntes biográficos. Por Miguel Luis Amunátegui, Individuo correspondiente de la Real Academia Española i de la Real Academia de la Historia. Edición oficial

Kaydedildi:
Detaylı Bibliyografya
Yazar: Amunátegui, Miguel Luis (Yazar)
Materyal Türü: Kitap
Dil:İspanyolca
Baskı/Yayın Bilgisi: Santiago Imprenta Nacional, calle de la Moneda, 112 1892
Edisyon:2a. ed
Konular:
Etiketler: Etiketle
Etiket eklenmemiş, İlk siz ekleyin!

MARC

LEADER 00000nam a2200000 a 4500
001 UCJ5051
003 CL-VaPUC
008 070124e18920000CL |||||||||||||||||spa|d
082 0 4 |a 983  |b AMU  |2 21 
100 0 |a Amunátegui, Miguel Luis  |e author  |9 506140 
245 1 0 |a Don Salvador Sanfuentes: Apuntes biográficos. Por Miguel Luis Amunátegui, Individuo correspondiente de la Real Academia Española i de la Real Academia de la Historia. Edición oficial 
250 |a 2a. ed 
300 |a 563 p 
942 |c BK 
945 |d 20070124 00:00:00  |a rinostro 
260 |a Santiago  |b Imprenta Nacional, calle de la Moneda, 112  |c 1892 
600 0 7 |a SANFUENTES, SALVADOR  |2 CL-VaPUC  |9 315181 
600 0 |a Portales y Palazuelos, Diego,  |d 1793-1837  |9 255516 
650 7 |a BIOGRAFIA  |2 CL-VaPUC  |9 504622 
650 0 |a Crítica literaria   |9 269189 
650 0 |a Poesía   |9 265825 
650 0 |a Teatro  |9 265385 
650 7 |a DIARIO  |2 CL-VaPUC  |9 441581 
650 7 |a DIARIOS Y REVISTAS  |2 CL-VaPUC  |9 504436 
650 0 |a Viajes  |9 257115 
650 0 |a Colonización  |9 265172 
650 0 |a Historia de Chile  |9 265473 
651 0 |a Valdivia (Chile)  |9 268941 
651 7 |a RIO BUENO  |2 CL-VaPUC  |9 509774 
651 0 |a Chiloé  |9 265209 
583 |a last modification  |c 20070124 00:00:00  |k Rodrigo Vera 
999 |c 321164  |d 321162 
952 |0 0  |1 0  |4 0  |6 983_000000000000000_AMU_1892  |7 0  |8 X  |9 399845  |a FDOBUD  |b FDOBUD  |d 2019-11-22  |i 1029312  |o 983 AMU 1892  |p 1029312  |r 2019-11-22  |w 2019-11-22  |y BK_X  |k BUD